| 000 | 01013cam a2200253 i 4500 | ||
|---|---|---|---|
| 003 | SA-RiAUC | ||
| 005 | 20260415130147.0 | ||
| 008 | 260413q19001999su a g f000u0 ara c | ||
| 040 |
_aSA-JeALM _bara _cSA-RiAUC _erda |
||
| 043 | _aa-su--- | ||
| 082 | 0 | 4 | _a362.7 |
| 090 |
_a362.7 _bس ع و |
||
| 110 | 1 |
_aالسعودية. _bوزارة المعارف _eمؤلف. |
|
| 245 | 1 | 0 |
_aمحاضرات الموسم الثقافي _bللمركز الصيفي لرعاية الشباب بالطائف _cوزارة المعارف |
| 264 | 1 |
_aالرياض : _aجدة : _bوزارة المعارف. _bالمؤسسة العربية للطباعة. _c1965 |
|
| 300 |
_a111 صفحة : _bمصور _c24 سم. |
||
| 336 |
_aنص _btxt _2rdacontent _3كتاب |
||
| 337 |
_aبدون وسيط _bn _2rdamedia |
||
| 650 | 7 |
_aالشباب _zالسعودية _2aucsh |
|
| 650 | _aالاسلام والشباب | ||
| 650 | _aالبلاد العربية والشباب | ||
| 942 |
_2ddc _cBOOK _n0 |
||
| 949 |
_aSA-JeALM _d260413 _uosman123 _n1 |
||
| 999 |
_c14788 _d14788 |
||